[Event "Tuimazy-ch"]
[Site "Tuimazy"]
[Date "2019.02.10"]
[Round "9"]
[White "Tazetdinov, Munir"]
[Black "Azhbiev, Usman"]
[Result "1-0"]
[WhiteElo "1817"]
[BlackElo "1490"]
[PlyCount "101"]
[EventDate "2019.01.27"]
[EventType "tourn"]
[EventRounds "11"]
[EventCountry "RUS"]
[SourceTitle "CBM 189 Extra"]
[Source "ChessBase"]
[SourceDate "2019.06.03"]
[SourceVersion "1"]
[SourceVersionDate "2019.06.03"]
[SourceQuality "1"]

1. e4 e5 2. Nf3 d6 3. d4 exd4 4. Nxd4 Nf6 5. Nc3 c6 6. Bf4 Nbd7 7. Qd2 Ne5 8. 0-0-0 Be7 9. f3 0-0 10. g4 Ng6 11. Bg3 Nxg4 12. Kb1 N4e5 13. f4 Ng4 14. Be2 Bh4 15. Bf3 Nh6 16. Qg2 Bg4 17. h3 Bxf3 18. Nxf3 f5 19. Rhg1 Bxg3 20. Qxg3 fxe4 21. Nxe4 Rxf4 22. Rxd6 Qf8 23. Nh4 Rf1+ 24. Rd1 Rxd1+ 25. Rxd1 Nxh4 26. Qxh4 Nf5 27. Qf2 Re8 28. Qf4 g6 29. a3 Qe7 30. Ng5 Qe5 31. Qc4+ Kg7 32. Rd7+ Re7 33. Ne6+ Kf6 34. Rxe7 Nxe7 35. Nd8 Nd5 36. Nxb7 Qc7 37. Nc5 Qf4 38. Nd7+ Kg5 39. Qxc6 Qf1+ 40. Ka2 Qf3 41. Qc5 Kh6 42. c4 Nf4 43. Ne5 Qxh3 44. Qd4 Qf5 45. c5 Kh5 46. c6 Qe6+ 47. b3 Nd5 48. a4 g5 49. Ka3 g4 50. Nxg4 Qe7+ 51. b4 1-0

[Event "Tuimazy-ch"]
[Site "Tuimazy"]
[Date "2018.02.11"]
[Round "10"]
[White "Azhbiev, Usman"]
[Black "Makhmutov, Azamat"]
[Result "1-0"]
[WhiteElo "1474"]
[BlackElo "1738"]
[PlyCount "111"]
[EventDate "2018.01.28"]
[EventType "tourn"]
[EventRounds "11"]
[EventCountry "RUS"]
[SourceTitle "EXT 2019"]
[Source "ChessBase"]
[SourceDate "2018.10.10"]
[SourceVersion "1"]
[SourceVersionDate "2018.10.10"]
[SourceQuality "1"]

1. e4 c5 2. d3 e6 3. Nf3 d6 4. Nc3 Nf6 5. h3 Nc6 6. Be3 a6 7. a3 Qc7 8. Be2 Be7 9. 0-0 Bd7 10. Rb1 b5 11. Na2 0-0 12. b4 cxb4 13. axb4 d5 14. exd5 Nxd5 15. Qd2 Rfb8 16. Rfc1 h6 17. c4 bxc4 18. Rxc4 Qb7 19. Bf4 Rc8 20. Ne5 Bd6 21. d4 Nxf4 22. Qxf4 f6 23. Bf3 fxe5 24. dxe5 Be7 25. Qe4 Rc7 26. Nc3 Bxb4 27. Rcxb4 Nxb4 28. Qxb7 Rxb7 29. Bxb7 Rb8 30. Rxb4 Bc6 31. Rb6 Bd7 32. Rb1 a5 33. Be4 Rc8 34. Rb3 Rc5 35. f4 Kf7 36. g3 Ke7 37. Kf2 g5 38. Ke3 Rc8 39. Ra3 gxf4+ 40. gxf4 Rg8 41. Rxa5 Rg3+ 42. Bf3 Rxh3 43. Ne4 Bc6 44. Ra7+ Kf8 45. Rc7 Bd5 46. Rh7 Bc6 47. Rc7 Bd5 48. Rc1 Rh2 49. Rh1 Ra2 50. Rxh6 Ra3+ 51. Kf2 Ra2+ 52. Kg3 Ra3 53. Ng5 Kg7 54. Rf6 Rc3 55. Nxe6+ Kg8 56. Ng5 1-0

[Event "Tuimazy-ch"]
[Site "Tuimazy"]
[Date "2018.02.02"]
[Round "5"]
[White "Evstafyev, Georgy"]
[Black "Azhbiev, Usman"]
[Result "1-0"]
[WhiteElo "1522"]
[BlackElo "1474"]
[PlyCount "83"]
[EventDate "2018.01.28"]
[EventType "tourn"]
[EventRounds "11"]
[EventCountry "RUS"]
[SourceTitle "EXT 2019"]
[Source "ChessBase"]
[SourceDate "2018.10.10"]
[SourceVersion "1"]
[SourceVersionDate "2018.10.10"]
[SourceQuality "1"]

1. e4 e5 2. Nf3 d6 3. d4 exd4 4. Nxd4 c5 5. Nb3 Nf6 6. Nc3 Be7 7. Be2 Nc6 8. Be3 a6 9. 0-0 Be6 10. f4 b5 11. Bf3 Rc8 12. Kh1 0-0 13. g4 b4 14. Nd5 a5 15. Rg1 a4 16. Nd2 Na5 17. Nxe7+ Qxe7 18. g5 Ne8 19. f5 Bxf5 20. Bxc5 Rxc5 21. exf5 Rxf5 22. h4 Qe3 23. Re1 Qf4 24. Re4 Qg3 25. Rxb4 d5 26. Qe1 Qh3+ 27. Kg1 Nc6 28. Bg4 Nxb4 29. Bxh3 Rf4 30. Qg3 Rd4 31. Nf3 Rc4 32. Ne5 Re4 33. Nd7 Nxc2 34. Rc1 Nd4 35. Bf1 Rxh4 36. Nxf8 Kxf8 37. Qa3+ Kg8 38. Rc8 Re4 39. Qxa4 Kf8 40. Qb4+ Kg8 41. Qxd4 Re7 42. Bb5 1-0

[Event "Tuimazy-ch Men"]
[Site "Tuimazy"]
[Date "2017.01.31"]
[Round "3"]
[White "Azhbiev, Usman"]
[Black "Farkhutdinov, Danil"]
[Result "1/2-1/2"]
[WhiteElo "1485"]
[BlackElo "1416"]
[PlyCount "169"]
[EventDate "2017.01.24"]
[EventType "tourn"]
[EventRounds "11"]
[EventCountry "RUS"]
[SourceTitle "EXT 2022"]
[Source "ChessBase"]
[SourceDate "2021.10.06"]
[SourceVersion "1"]
[SourceVersionDate "2021.10.06"]
[SourceQuality "1"]

1. e4 e6 2. d4 d5 3. exd5 exd5 4. Be2 Nf6 5. Nf3 Bd6 6. a3 Bf5 7. Nc3 c6 8. 0-0 0-0 9. Bd3 Bg4 10. h3 Bxf3 11. Qxf3 Qc7 12. Qf5 Nbd7 13. Bg5 Qb6 14. Ne2 g6 15. Qf3 Nh5 16. g4 Ng7 17. c4 dxc4 18. Bxc4 Ne6 19. Be3 Qc7 20. b4 Nb6 21. Bb3 Qe7 22. Nc3 Ng5 23. Qg2 Kh8 24. d5 Qe5 25. Rad1 Nf3+ 26. Kh1 Qxc3 27. Qxf3 Qxb3 28. Bd4+ Kg8 29. Qxb3 Nxd5 30. Bc5 Bxc5 31. bxc5 b6 32. cxb6 axb6 33. Rc1 Ra5 34. Rxc6 Rfa8 35. Rc2 Nf4 36. Rc7 Ne6 37. Qc2 Nxc7 38. Qxc7 Rxa3 39. Kg2 Rb3 40. Re1 b5 41. Re7 Rf8 42. Qc2 Ra3 43. Rb7 Ra5 44. Qb3 b4 45. Rxb4 h5 46. Qf3 Kg7 47. Rb6 Kg8 48. Qf6 Kh7 49. Rb7 Kg8 50. Rxf7 Rxf7 51. Qd8+ Kh7 52. Qxa5 hxg4 53. hxg4 Rf6 54. Kg3 Rf7 55. f4 Kh6 56. Qe5 Kh7 57. Kh4 Kg8 58. Kg5 Kh7 59. Qe6 Rg7 60. f5 gxf5+ 61. Kxf5 Ra7 62. Kg5 Ra5+ 63. Kh4 Kg7 64. Qd7+ Kg6 65. Qe8+ Kg7 66. g5 Rf5 67. Qe6 Rf1 68. Qd7+ Kg8 69. Kh5 Rf7 70. Qe6 Kh8 71. g6 Rf1 72. Qe8+ Kg7 73. Qd7+ Kf8 74. Qd6+ Kg7 75. Qd4+ Kf8 76. g7+ Kg8 77. Qc4+ Rf7 78. Qe6 Kxg7 79. Qe5+ Kf8 80. Kg6 Rd7 81. Qe6 Rg7+ 82. Kh6 Rh7+ 83. Kg5 Rg7+ 84. Kh6 Rh7+ 85. Kxh7 1/2-1/2

[Event "Tuimazy-ch"]
[Site "Tuimazy"]
[Date "2016.01.31"]
[Round "7"]
[White "Tazetdinov, Munir"]
[Black "Azhbiev, Usman"]
[Result "1/2-1/2"]
[WhiteElo "1757"]
[BlackElo "1468"]
[PlyCount "134"]
[EventDate "2016.01.19"]
[EventType "tourn"]
[EventRounds "13"]
[EventCountry "RUS"]
[SourceTitle "CBM 170 Extra"]
[Source "ChessBase"]
[SourceDate "2016.02.25"]
[SourceVersion "1"]
[SourceVersionDate "2016.02.25"]
[SourceQuality "1"]

1. e4 e5 2. Nf3 d6 3. d4 exd4 4. Nxd4 Nf6 5. Nc3 c6 6. Bf4 Nbd7 7. Qd2 Ne5 8. 0-0-0 Qc7 9. f3 Be6 10. Nxe6 fxe6 11. Bxe5 dxe5 12. Bc4 Qe7 13. Qg5 Nd7 14. Qg4 Kf7 15. Bxe6+ Qxe6 16. Rxd7+ Kf6 17. Qxe6+ Kxe6 18. Rxb7 g6 19. Rd1 Bd6 20. Nb1 h5 21. Nd2 Bc5 22. Nc4 Rhd8 23. Rg7 Kf6 24. Rgd7 Rxd7 25. Rxd7 Rc8 26. a3 Ke6 27. Rg7 Kf6 28. Rd7 Ke6 29. Rd1 g5 30. c3 g4 31. b4 Be7 32. Rd3 a6 33. Kc2 c5 34. Rd5 cxb4 35. Rxe5+ Kf6 36. Rf5+ Ke6 37. Kb3 bxa3 38. Nxa3 Bxa3 39. Kxa3 Rxc3+ 40. Kb2 Re3 41. Kc2 Re2+ 42. Kd3 Rxg2 43. fxg4 hxg4 44. Rh5 a5 45. Rxa5 Rxh2 46. Rg5 Rg2 47. Ke3 g3 48. Kf3 Rf2+ 49. Kxg3 Rf1 50. Ra5 Rf8 51. Kg4 Rf1 52. Rb5 Rf8 53. Kg5 Rf1 54. Rf5 Re1 55. Kf4 Re2 56. Re5+ Kf6 57. Ra5 Rf2+ 58. Ke3 Rf1 59. e5+ Ke6 60. Kd4 Rf4+ 61. Ke3 Rh4 62. Rb5 Rg4 63. Kf3 Rd4 64. Ra5 Kf5 65. Rb5 Rf4+ 66. Kg3 Re4 67. Kf3 Rxe5 1/2-1/2